000 00561nam a2200217Ia 4500
005 20140313105837.0
008 140130s9999 xx 000 0 und d
020 _a0439679281
050 _aPZ 7
_b.W15875Le 2004
100 _aWallace, Nancy Elizabeth
245 _cWallace, Nancy Elizabeth
_aLeaves! Leaves! Leaves! /
260 _bScholastic,
_c2004.
_aNew York :
300 _a1 v. (unpaged) :
_bcol. ill. ;
_c24 cm.
440 _v1
521 _aG2
526 _c470
942 _cBK
_2lcc
999 _c40431
_d40431